000
00296nam a22001337a 4500
008
170220b xxu||||| |||| 00| 0 eng d
020
_a
9780716751090
041
_a
eng
080
_2
9TH
_a
615
100
_a
5
101
_a
SHM
245
_a
A PRIMER OF DRUG ACTION
_c
JULIEN, R.M
942
_2
udc
_c
BK
999
_c
5845
_d
5845